Introductions in 'Hamilton' Quiz Stats

 Plays Quiz Updated Jul 1, 2016

Score 0/14 Timer 05:00
6 Plays Today
% Correct
Lafayette
96%
Peggy, Angelica, Eliza (Schuyler)
95.3%
Maria Reynolds
94.7%
Philip (Hamilton)
94.6%
George Washington
94.5%
Alexander Hamilton
94.3%
Aaron Burr
93.9%
% Correct
Hercules Mulligan
92.3%
Samuel Seabury
88.3%
John Laurens
87.3%
Thomas Jefferson
86.9%
James Reynolds
85.7%
George Eacker
78.2%
James Madison
77.4%

You're not logged in!

Compare scores with friends on all Sporcle quizzes.
OR
Log In

Show Comments

Extras

Top Quizzes Today


Score Distribution

Your Account Isn't Verified!

In order to create a playlist on Sporcle, you need to verify the email address you used during registration. Go to your Sporcle Settings to finish the process.

Report this User

Report this user for behavior that violates our Community Guidelines.

Details: